Normal view
MARC view
Entry Personal Name
001 - CONTROL NUMBER
- control field: 623886
003 - CONTROL NUMBER IDENTIFIER
- control field: OSt
005 - DATE AND TIME OF LATEST TRANSACTION
- control field: 20221005105314.0
008 - FIXED-LENGTH DATA ELEMENTS
- fixed length control field: 221005|| aca||aabn | a|a d
040 ## - CATALOGING SOURCE
- Original cataloging agency: OSt
- Transcribing agency: OSt
100 ## - HEADING--PERSONAL NAME
- Personal name: चण्डालिया, हेमेंद्र सिंह, अनु
670 ## - SOURCE DATA FOUND
- Source citation: Work cat.: (OSt)1015416: देसाई, रजनी एक्स., स्वतंत्रता संग्राम में भीतरघात, 2014
